[Event "Challenge"]
[Site "http://www.queenalice.com/game.php?id=608702"]
[Date "2009.6.25"]
[Round "-"]
[White "peaodeborracha"]
[Black "garca"]
[Result "1-0"]
[WhiteElo "2208"]
[BlackElo "1769"]

1. e4 e5 2. Nf3 d6 3. d4 exd4 4. Nxd4 Be7 5. Nc3 Nf6 6. Be2 h6 7. O-O Bd7 8. Be3
a6 9. f4 Nc6 10. Bf3 Qc8 11. Qe1 Nxd4 12. Bxd4 O-O 13. Qg3 c5 14. Nd5 Qd8 15.
Bc3 g6 16. Nxe7+ Qxe7 17. e5 dxe5 18. fxe5 Nh7 19. Bxb7 Rae8 20. Bxa6 Ng5 21.
Bc4 Be6 22. Bxe6 Nxe6 23. Rf6 Ng5 24. Re1 Nh7 25. Rd6 Ng5 26. e6 Nxe6 27. Rexe6
1-0

[Event "Challenge"]
[Site "http://www.queenalice.com/game.php?id=608703"]
[Date "2009.6.25"]
[Round "-"]
[White "garca"]
[Black "peaodeborracha"]
[Result "0-1"]
[WhiteElo "1803"]
[BlackElo "2207"]

1. e4 c5 2. Nc3 Nc6 3. d3 d6 4. h3 Nf6 5. Nf3 e5 6. Be2 Be7 7. Bd2 Nd4 8. O-O
O-O 9. Nxd4 cxd4 10. Nb1 Qb6 11. Bc1 Be6 12. b3 Rac8 13. Nd2 Qc7 14. Nc4 b5 15.
Na3 b4 16. Nc4 d5 17. exd5 Nxd5 18. Bg4 Nc3 19. Qf3 f5 20. Bh5 Bh4 21. g3 Bd5
0-1

[Event "Challenge"]
[Site "http://www.queenalice.com/game.php?id=683399"]
[Date "2009.11.14"]
[Round "-"]
[White "eder"]
[Black "peaodeborracha"]
[Result "0-1"]
[WhiteElo "1587"]
[BlackElo "2209"]

1. d4 Nf6 2. c4 e6 3. Nc3 Bb4 4. Nf3 b6 5. g3 Bb7 6. Bg2 O-O 7. O-O Bxc3 8. bxc3
d5 9. cxd5 exd5 10. Ne5 Ne4 11. Qc2 Re8 12. e3 Nd7 13. f4 Nd6 14. Ba3 Nxe5 15.
fxe5 Nc4 16. Bc1 c5 17. Qf5 Qc7 18. e4 dxe4 19. Bxe4 Bxe4 20. Qxe4 cxd4 21. cxd4
Qd7 22. Bf4 f5 23. Qd3 Nxe5 24. Bxe5 Rxe5 25. Qb3+ Rd5 26. Rf4 g5 27. Rf3 Re8
28. Raf1 Kh8 29. Qc2 Rf8 30. Qd2 f4 31. gxf4 Rxd4 32. Qc3 gxf4 33. Rxf4 Rxf4 34.
Rxf4 Qg7+ 35. Kf2 Rxf4+ 0-1

[Event "Challenge"]
[Site "http://www.queenalice.com/game.php?id=773872"]
[Date "2010.5.11"]
[Round "-"]
[White "edemarc"]
[Black "peaodeborracha"]
[Result "0-1"]
[WhiteElo "1100"]
[BlackElo "2210"]

1. e3 c5 2. Qh5 e6 3. b3 Nf6 4. Qe2 d5 5. Nf3 Nc6 6. Bb2 Be7 7. Nc3 e5 8. Nb5 a6
9. Nc3 e4 10. Nh4 g5 11. Nf3 exf3 12. gxf3 Be6 13. Rg1 h6 14. f4 d4 15. Nd1 gxf4
16. exf4 Qc7 17. Qf3 Bd5 18. Qe2 Qxf4 19. Rg3 Ne5 20. Bg2 Bxg2 21. Rxg2 Nf3+ 22.
Kf1 Nxh2+ 23. Rxh2 Qxh2 24. Qf3 Rg8 25. Ke2 Nh5 26. Nc3 Nf4+ 27. Ke1 Rg1# 0-1

[Event "Challenge"]
[Site "http://www.queenalice.com/game.php?id=780382"]
[Date "2010.5.25"]
[Round "-"]
[White "highlander7"]
[Black "peaodeborracha"]
[Result "0-1"]
[WhiteElo "2424"]
[BlackElo "2213"]

1. d4 Nf6 2. Nf3 g6 3. e3 d5 4. c4 Bg7 5. cxd5 O-O 6. Be2 Nxd5 7. Nc3 Nxc3 8.
bxc3 b6 9. O-O Bb7 10. Qb3 e6 11. Ba3 Re8 12. Rad1 Nd7 13. Rfe1 a6 14. c4 Qf6
15. Rc1 Rab8 16. Qa4 Rbd8 17. c5 bxc5 18. Bxc5 e5 19. Ba7 Qd6 20. Red1 e4 21.
Nd2 Ra8 22. Bc5 Qe6 23. Qa5 Rec8 24. Bb4 Nb6 25. Rc2 Nd5 26. Ba3 Bc6 27. Nxe4
Nxe3 28. Ng5 Qe8 0-1

[Event "Challenge"]
[Site "http://www.queenalice.com/game.php?id=832107"]
[Date "2010.9.12"]
[Round "-"]
[White "Karpv"]
[Black "peaodeborracha"]
[Result "0-1"]
[WhiteElo "1364"]
[BlackElo "2211"]

1. e4 c5 2. Nf3 d6 3. d4 cxd4 4. Nxd4 Nf6 5. Nc3 a6 6. Bg5 e6 7. f4 Be7 8. Bc4
Nxe4 9. Nxe4 d5 10. Bxe7 Qxe7 11. Bxa6 Rxa6 12. Nc3 O-O 13. O-O Qb4 14. Nb3 Nc6
15. a3 Qb6+ 16. Kh1 Rd8 17. Ne2 Bd7 18. f5 exf5 19. Nf4 Ne7 20. Nxd5 Nxd5 21.
Qxd5 Bb5 22. Qxf5 Bxf1 23. Rxf1 Qc7 24. Qg5 Rf6 25. Re1 Qxc2 26. Nd4 Qf2 27. Nf3
Qxe1+ 0-1

[Event "Challenge"]
[Site "http://www.queenalice.com/game.php?id=1132821"]
[Date "2012.12.19"]
[Round "-"]
[White "peaodeborracha"]
[Black "bonow"]
[Result "1-0"]
[WhiteElo "2231"]
[BlackElo "2152"]

1. e4 c5 2. Nf3 Nc6 3. d4 cxd4 4. Nxd4 Nf6 5. Nc3 d6 6. Bb5 Bd7 7. Bg5 e5 8. Nf3
Be7 9. Bxf6 Bxf6 10. Qxd6 a6 11. Ba4 Qe7 12. Qxe7+ Bxe7 13. Bxc6 Bxc6 14. Nxe5
Bf6 15. Nxc6 Bxc3+ 16. bxc3 bxc6 17. Ke2 Rb8 18. Rhd1 O-O 19. Rab1 Rfe8 20. Rxb8
Rxb8 21. Rd6 1-0

[Event "4"]
[Site "http://www.queenalice.com/game.php?id=1148722"]
[Date "2013.2.4"]
[Round "-"]
[White "peaodeborracha"]
[Black "Kir"]
[Result "1-0"]
[WhiteElo "2244"]
[BlackElo "2325"]

1. e4 e5 2. Nf3 Nf6 3. Nxe5 Qe7 4. Nf3 Qxe4+ 5. Be2 Nc6 6. Nc3 Qe7 7. O-O d5 8.
Re1 Qd8 9. Bb5+ Be7 10. Qe2 Bg4 11. d4 a6 12. Bxc6+ bxc6 13. Bg5 Qd6 14. Na4 h6
15. Bf4 Qe6 16. Bxc7 Qxe2 17. Rxe2 Ra7 18. Bb6 Rb7 19. Rae1 Ne4 20. Re3 Be6 21.
Ne5 Bg5 22. R3e2 Bd2 23. Rd1 Bf4 24. Nxc6 Bd7 25. Na5 Rb8 26. Ba7 O-O 27. Bxb8
1-0

[Event "2"]
[Site "http://www.queenalice.com/game.php?id=1148723"]
[Date "2013.2.4"]
[Round "-"]
[White "Kir"]
[Black "peaodeborracha"]
[Result "0-1"]
[WhiteElo "2234"]
[BlackElo "2258"]

1. d4 Nf6 2. c4 g6 3. Nc3 d5 4. Nf3 Bg7 5. Bf4 O-O 6. e3 Nc6 7. Ne5 Be6 8. Nxc6
bxc6 9. Qa4 Qd7 10. Rc1 Rfb8 11. cxd5 Nxd5 12. Nxd5 Bxd5 13. b3 a5 14. f3 Rb4
15. Qa3 Qf5 16. Qb2 Bxd4 17. Qd2 Bb6 18. Bd3 Qf6 19. e4 a4 20. Bg5 Qe5 21. Bf4
Qd4 22. Bc2 axb3 23. axb3 Bxb3 24. Qxd4 Bxd4 25. Bd2 Rb7 26. Ke2 Bb2 27. Bxb3
Bxc1 28. Bxf7+ Kxf7 29. Rxc1 Rb2 0-1

[Event "OS INCLIVEIS"]
[Site "http://www.queenalice.com/game.php?id=1155355"]
[Date "2013.2.24"]
[Round "-"]
[White "adelio"]
[Black "peaodeborracha"]
[Result "0-1"]
[WhiteElo "1766"]
[BlackElo "2241"]

1. d4 Nf6 2. c4 g6 3. Nc3 d5 4. Bg5 Bg7 5. Bxf6 Bxf6 6. Nxd5 Bg7 7. e4 Nc6 8. e5
e6 9. Nf6+ Bxf6 10. exf6 Qxf6 11. Nf3 O-O 12. h4 Rd8 13. d5 exd5 14. Qc2 Bf5 15.
Bd3 Nb4 16. Bxf5 Nxc2+ 17. Bxc2 Qxb2 18. O-O Qxc2 19. cxd5 Rxd5 20. Rfc1 Qa4 21.
Kh2 Qf4+ 22. Kh1 Re8 23. Rxc7 Qxc7 24. Ng5 Red8 25. Nf3 Rd1+ 26. Rxd1 Rxd1+ 27.
Ng1 Qf4 28. f3 Qxh4# 0-1

[Event "OS INCLIVEIS"]
[Site "http://www.queenalice.com/game.php?id=1158513"]
[Date "2013.3.6"]
[Round "-"]
[White "peaodeborracha"]
[Black "adelio"]
[Result "1-0"]
[WhiteElo "2242"]
[BlackElo "1791"]

1. e4 e5 2. Nf3 f6 3. Nxe5 Qe7 4. Nf3 Qxe4+ 5. Be2 b6 6. Nc3 Qb7 7. O-O Nc6 8.
Re1 Nge7 9. d4 a6 10. d5 Ne5 11. Nxe5 fxe5 12. Bh5+ g6 13. Rxe5 d6 14. Re1 c6
15. dxc6 Qxc6 16. Bf3 Qc7 17. Bxa8 Bb7 18. Bxb7 Qxb7 19. Qxd6 Kf7 20. Bg5 h6 21.
Qe6+ Kg7 22. Bf6+ Kh7 23. Qf7+ Bg7 24. Qxg7# 1-0

[Event "OS INCLIVEIS"]
[Site "http://www.queenalice.com/game.php?id=1160716"]
[Date "2013.3.13"]
[Round "-"]
[White "adelio"]
[Black "peaodeborracha"]
[Result "0-1"]
[WhiteElo "1721"]
[BlackElo "2243"]

1. f4 d5 2. d4 Nf6 3. c4 Bf5 4. Nc3 e6 5. a3 c5 6. e3 cxd4 7. exd4 dxc4 8. Bxc4
Nc6 9. Be3 Ng4 10. Qe2 Nxe3 11. Qxe3 Qxd4 12. Qxd4 Nxd4 13. O-O-O O-O-O 14. Nf3
Nxf3 15. Rxd8+ Kxd8 16. Rd1+ Kc7 17. Nb5+ Kb6 18. gxf3 Bc5 19. b4 Be3+ 20. Kb2
Bxf4 21. a4 a5 22. bxa5+ Kxa5 23. Bb3 Bxh2 24. Rd7 h5 25. Rxb7 h4 26. Rxf7 h3
27. Ka3 Bg1 28. Na7 Bc5+ 29. Ka2 h2 30. Nc6+ Kb6 31. Ne5 h1=Q 32. Nc4+ Ka6 33.
Nd2 Bb1+ 34. Nxb1 Rh2+ 35. Ka1 Bd4# 0-1

[Event "Challenge"]
[Site "http://www.queenalice.com/game.php?id=1186793"]
[Date "2013.6.1"]
[Round "-"]
[White "Shigeru"]
[Black "peaodeborracha"]
[Result "0-1"]
[WhiteElo "1853"]
[BlackElo "2269"]

1. e4 c5 2. Nf3 d6 3. d4 cxd4 4. Nxd4 Nf6 5. Nc3 a6 6. Bg5 e6 7. f4 Be7 8. Qf3
Qc7 9. O-O-O Nbd7 10. Bd3 b5 11. Rhe1 Bb7 12. Qg3 b4 13. Nd5 exd5 14. exd5 Kd8
15. Nc6+ Bxc6 16. dxc6 Nc5 17. Bh4 Rg8 18. Bxh7 Rh8 19. Qxg7 Rxh7 20. Qxf6 Rxh4
21. Qxf7 Rh8 22. Re5 Na4 23. Re6 Nc5 24. Re5 Na4 25. Re3 Ra7 26. Rde1 Qxc6 27.
Rxe7 Rxe7 28. Qxe7+ Kc8 29. Qg7 Rxh2 30. Qf8+ Kc7 31. Re7+ Kb6 32. Qb8+ Ka5 33.
Re1 Rxg2 34. c3 Nxc3 0-1

[Event "Challenge"]
[Site "http://www.queenalice.com/game.php?id=1207879"]
[Date "2013.8.14"]
[Round "-"]
[White "peaodeborracha"]
[Black "jeancarlo1910"]
[Result "1-0"]
[WhiteElo "2270"]
[BlackElo "1630"]

1. e4 Nc6 2. d4 d5 3. Nc3 dxe4 4. d5 Ne5 5. Qd4 Nc6 6. Qa4 Bd7 7. dxc6 Bxc6 8.
Bb5 Qd7 9. Bf4 Nf6 10. Rd1 Qe6 11. Nge2 Nd7 12. Nd4 Qg4 13. Nxc6 bxc6 14. Bxc6
Rd8 15. Bxc7 Qxd1+ 16. Kxd1 f6 17. Bxd8 Kxd8 18. Qd4 1-0

[Event "Challenge"]
[Site "http://www.queenalice.com/game.php?id=1210127"]
[Date "2013.8.21"]
[Round "-"]
[White "jeancarlo1910"]
[Black "peaodeborracha"]
[Result "0-1"]
[WhiteElo "1779"]
[BlackElo "2271"]

1. e4 c5 2. Nf3 d6 3. Bc4 g6 4. O-O Bg7 5. Nc3 Nf6 6. d3 O-O 7. Bg5 Nc6 8. Ne2
Bg4 9. c3 Bxf3 10. gxf3 d5 11. exd5 Nxd5 12. Ng3 Qd7 13. Kg2 Rfd8 14. Ne4 Qf5
15. Be3 b6 16. Ng3 Qd7 17. Bb5 a6 18. Bxc6 Qxc6 19. Rg1 Nxe3+ 20. fxe3 Qb5 21.
Qe2 Rxd3 22. Ne4 Rad8 23. Kg3 Be5+ 24. f4 Qc4 25. Qf3 Rxe3 26. Qxe3 Rd3 27. Qxd3
Qxd3+ 0-1

[Event "Challenge"]
[Site "http://www.queenalice.com/game.php?id=1216969"]
[Date "2013.9.14"]
[Round "-"]
[White "peaodeborracha"]
[Black "jeancarlo1910"]
[Result "1-0"]
[WhiteElo "2272"]
[BlackElo "2104"]

1. e4 c5 2. Nf3 Nc6 3. d4 cxd4 4. Nxd4 Nf6 5. Nc3 e5 6. Ndb5 Bb4 7. a3 Bxc3+ 8.
Nxc3 h6 9. Be3 O-O 10. Qd6 Qe7 11. Qxe7 Nxe7 12. Bc5 Re8 13. f3 Ng6 14. Nb5 b6
15. Bd6 Ba6 16. Nc7 Bxf1 17. Rxf1 Rec8 18. Nxa8 Rxa8 19. O-O-O Ne8 20. a4 Nxd6
21. Rxd6 Rd8 22. a5 Nf4 23. Rfd1 bxa5 24. Rxd7 Rxd7 25. Rxd7 f6 26. Rxa7 Ne2+
27. Kd2 Nd4 28. Rxa5 g5 29. Ra6 Kf7 30. Rd6 Nb5 31. Rd5 Nd4 32. Rxd4 exd4 33.
Kd3 1-0

[Event "Challenge"]
[Site "http://www.queenalice.com/game.php?id=1417714"]
[Date "2016.4.10"]
[Round "-"]
[White "peaodeborracha"]
[Black "Albator007"]
[Result "1/2-1/2"]
[WhiteElo "2290"]
[BlackElo "2122"]

1. e4 c5 2. Nf3 d6 3. d4 cxd4 4. Nxd4 Nf6 5. Nc3 a6 6. f3 e5 7. Nb3 Be6 8. Be3
Be7 9. Qd2 O-O 10. O-O-O Nbd7 11. g4 b5 12. g5 b4 13. Ne2 Ne8 14. f4 a5 15. f5
a4 16. fxe6 axb3 17. exf7+ Rxf7 18. cxb3 Rxa2 19. Kb1 Qa8 20. Ng3 Rxf1 21. Rhxf1
Ra1+ 22. Kc2 Qc6+ 23. Kd3 Qb5+ 24. Kc2 Qc6+ 25. Kd3 Qb5+ 26. Kc2 1/2-1/2

[Event "Challenge"]
[Site "http://www.queenalice.com/game.php?id=1436375"]
[Date "2016.8.15"]
[Round "-"]
[White "dnptrs"]
[Black "peaodeborracha"]
[Result "0-1"]
[WhiteElo "2255"]
[BlackElo "2279"]

1. d4 Nf6 2. Nf3 g6 3. g3 Bg7 4. Bg2 d5 5. O-O O-O 6. b3 Ne4 7. Bb2 c5 8. Nfd2
cxd4 9. Nxe4 dxe4 10. Bxe4 Na6 11. Qd3 Nc5 12. Qf3 Nxe4 13. Qxe4 Bh3 14. Rc1 Qd7
15. Nd2 Bf5 16. Qf3 Bh6 17. Nc4 Bxc1 18. Rxc1 b5 19. Na3 Rad8 20. e4 dxe3 21.
Qxe3 f6 0-1

[Event "Challenge"]
[Site "http://www.queenalice.com/game.php?id=1436376"]
[Date "2016.8.15"]
[Round "-"]
[White "peaodeborracha"]
[Black "dnptrs"]
[Result "1-0"]
[WhiteElo "2285"]
[BlackElo "2252"]

1. e4 c5 2. Nf3 e6 3. d4 cxd4 4. Nxd4 Nf6 5. Nc3 d6 6. Be2 Be7 7. O-O a6 8. Qd3
b5 9. b4 Bb7 10. a4 bxa4 11. Rxa4 O-O 12. Rd1 Qc7 13. b5 Nbd7 14. Qg3 Nxe4 15.
Nxe4 Bxe4 16. Nxe6 fxe6 17. Rxe4 axb5 18. Rxe6 Ne5 19. Qb3 Kh8 20. f4 Ng6 21. g3
Rab8 22. Bd3 Rfc8 23. Bb2 Nf8 24. Rh6 Qc5+ 25. Kf1 d5 26. Re1 Bd8 27. Bxh7 Bg5
28. fxg5 Nxh7 29. Qd3 1-0

[Event "Challenge"]
[Site "http://www.queenalice.com/game.php?id=1442685"]
[Date "2016.9.24"]
[Round "-"]
[White "peaodeborracha"]
[Black "Albator007"]
[Result "0-1"]
[WhiteElo "2316"]
[BlackElo "2498"]

1. e4 c5 2. Nf3 d6 3. d4 cxd4 4. Nxd4 Nf6 5. Nc3 a6 6. h3 e5 7. Nde2 h5 8. Bg5
Be6 9. Bxf6 Qxf6 10. Nd5 Qd8 11. Qd3 g6 12. O-O-O Nd7 13. Nec3 Nc5 14. Qe2 b5
15. a3 Rb8 16. Kb1 h4 17. Rg1 Rb7 18. g3 Bg7 19. b4 Nd7 20. f4 exf4 21. gxf4 Nb6
22. f5 Bxd5 23. Nxd5 Nxd5 24. Rxd5 Qf6 25. e5 dxe5 26. fxg6 O-O 27. Qe4 Qf2 28.
Rh1 f5 29. Qe2 Qxe2 30. Bxe2 e4 31. c4 f4 32. cxb5 axb5 33. Bxb5 Rxb5 34. Rxb5
e3 35. Kc2 f3 36. Rb7 e2 37. Re7 Bf6 38. Re4 Rc8+ 0-1

[Event "Challenge"]
[Site "http://www.queenalice.com/game.php?id=1449675"]
[Date "2016.11.13"]
[Round "-"]
[White "zugzwangskie"]
[Black "peaodeborracha"]
[Result "0-1"]
[WhiteElo "2178"]
[BlackElo "2296"]

1. e4 e5 2. Nf3 Nc6 3. Bc4 Bc5 4. c3 Nf6 5. d3 d6 6. Bb3 a6 7. O-O O-O 8. Nbd2
Ba7 9. Re1 Ng4 10. Re2 Kh8 11. h3 Nh6 12. Nf1 f5 13. Bxh6 gxh6 14. exf5 Rxf5 15.
N1d2 d5 16. Qe1 Qd6 17. d4 e4 18. Nh2 Bd7 19. f3 exf3 20. Ndxf3 Raf8 21. Bc2 Rf4
22. Kh1 Qf6 23. Qd2 Qf7 24. Rae1 Qg8 25. b4 R4f6 26. Nh4 Qg5 27. Qd3 R6f7 28.
N2f3 Qf6 29. a4 Bb6 30. Re3 Rg7 31. Rf1 Kg8 32. Bb3 Ne7 33. a5 Ba7 34. Rxe7 Rxe7
35. Bxd5+ Kg7 36. Bxb7 Bb5 37. c4 Bd7 38. Rg1 c6 39. c5 Bb8 40. d5 cxd5 41. Qxa6
Re4 42. c6 Be6 0-1

[Event "Challenge"]
[Site "http://www.queenalice.com/game.php?id=1449822"]
[Date "2016.11.13"]
[Round "-"]
[White "zugzwangkid"]
[Black "peaodeborracha"]
[Result "0-1"]
[WhiteElo "2253"]
[BlackElo "2304"]

1. d4 Nf6 2. c4 g6 3. Nc3 d5 4. cxd5 Nxd5 5. e4 Nxc3 6. bxc3 Bg7 7. Nf3 c5 8.
Rb1 O-O 9. Be3 Qa5 10. Qd2 b6 11. Rb5 Qa4 12. Rb1 Be6 13. Bd3 Bc4 14. O-O Nc6
15. Bxc4 Qxc4 16. Qb2 Rfd8 17. Rfd1 Rd7 18. Rdc1 Rad8 19. e5 f6 20. h3 fxe5 21.
dxc5 bxc5 22. Qc2 Rd3 23. Nd2 Qf7 24. Rb5 R3d5 25. Ne4 c4 26. Ng5 Qf5 27. Qxf5
gxf5 28. Rxd5 Rxd5 29. g3 Bf6 30. Ne6 Kf7 31. Ng5+ Kg6 32. Ne6 Rd6 33. Nc7 Rd3
34. Nb5 e4 35. Kf1 a6 36. Na3 Na5 37. Bb6 Bxc3 0-1

[Event "OS INCLIVEIS"]
[Site "http://www.queenalice.com/game.php?id=1482597"]
[Date "2017.6.16"]
[Round "-"]
[White "adelio"]
[Black "peaodeborracha"]
[Result "0-1"]
[WhiteElo "1490"]
[BlackElo "2314"]

1. d4 Nf6 2. c4 g6 3. Nc3 d5 4. e4 dxe4 5. f3 exf3 6. Nxf3 Bg7 7. Be2 O-O 8. Ng5
e6 9. Nce4 Nxe4 10. Nxe4 Qh4+ 11. Ng3 f5 12. O-O Bxd4+ 13. Kh1 Nc6 14. Rf4 Qf6
15. Bg4 Bxb2 16. Rb1 Be5 17. Rf1 Qh4 18. Qf3 Qxg4 19. Qxg4 fxg4 20. Bh6 Rxf1+
21. Rxf1 Bg7 22. Bxg7 Kxg7 23. Ne4 e5 24. h3 gxh3 25. Kh2 hxg2 26. Kxg2 Bf5 27.
Ng3 Rf8 28. Rd1 Nd4 29. Nxf5+ Rxf5 30. Rd2 b6 31. Kg3 Rf3+ 32. Kg4 h5+ 33. Kh4
Nf5+ 34. Kg5 Rg3# 0-1

[Event "OS INCLIVEIS"]
[Site "http://www.queenalice.com/game.php?id=1482598"]
[Date "2017.6.16"]
[Round "-"]
[White "peaodeborracha"]
[Black "adelio"]
[Result "1-0"]
[WhiteElo "2315"]
[BlackElo "1485"]

1. e4 a6 2. d4 c5 3. dxc5 e6 4. Be3 Nc6 5. Nc3 d6 6. cxd6 Bxd6 7. f4 Be7 8.
Qxd8+ Bxd8 9. Nf3 Nf6 10. O-O-O Ng4 11. Bc5 b6 12. Bg1 Bb7 13. h3 Nf6 14. e5 Nd7
15. Ne4 Bc7 16. Nd6+ Bxd6 17. exd6 O-O 18. b3 Rad8 19. Kb2 Nc5 20. Ne5 Ne7 21.
dxe7 Rxd1 22. exf8=Q+ Kxf8 23. Bxc5+ bxc5 24. Nd3 Rd2 25. Kc1 Rxc2+ 26. Kxc2 Be4
27. Kc3 Bxd3 28. Bxd3 h5 29. Bxa6 h4 30. Rd1 Kg8 31. Rd8+ Kh7 32. Bd3+ g6 33. a4
Kg7 34. a5 Kf6 35. a6 g5 36. a7 gxf4 37. Rg8 Ke5 38. a8=Q f5 39. Qd8 f3 40. Qc7+
Kf6 41. Qg7# 1-0